Posthumanism and India : (Record no. 1430042)

MARC details
000 -LEADER
fixed length control field 00530nam a2200193Ia 4500
005 - DATE AND TIME OF LATEST TRANSACTION
control field 20250701121601.0
008 - FIXED-LENGTH DATA ELEMENTS--GENERAL INFORMATION
fixed length control field 008 250516s9999 xx 000 0 eng d
020 ## - INTERNATIONAL STANDARD BOOK NUMBER
International Standard Book Number 9789356404168
040 ## - CATALOGING SOURCE
Language of cataloging eng
Transcribing agency SDCL
041 ## - LANGUAGE CODE
Language code of text/sound track or separate title eng
Source of code eng
084 ## - COLON CLASSIFICATION NUMBER
Classification number R39(Y) R5
100 ## - MAIN ENTRY--PERSONAL NAME
Personal name Banerji, Debashish Ed.
245 #0 - TITLE STATEMENT
Title Posthumanism and India :
Remainder of title A critical cartography
260 ## - PUBLICATION, DISTRIBUTION, ETC.
Place of publication, distribution, etc. New Delhi:
Name of publisher, distributor, etc. Bloomsbury,
Date of publication, distribution, etc. 2025.
300 ## - PHYSICAL DESCRIPTION
Extent 280p.
650 ## - SUBJECT ADDED ENTRY--TOPICAL TERM
Topical term or geographic name entry element Philosophy
700 ## - ADDED ENTRY--PERSONAL NAME
Personal name Islam, Md. Monirul
942 ## - ADDED ENTRY ELEMENTS (KOHA)
Koha item type Textual
Source of classification or shelving scheme Colon Classification (CC)
100 ## - MAIN ENTRY--PERSONAL NAME
-- 814947
700 ## - ADDED ENTRY--PERSONAL NAME
-- 753110
999 ## -
-- 1430042
-- 1430042
Holdings
Withdrawn status Lost status Source of classification or shelving scheme Damaged status Not for loan Home library Current library Date acquired Source of acquisition Inventory number Total checkouts Full call number Barcode Date last seen Price effective from Koha item type
    Colon Classification (CC)     South Campus Library South Campus Library 2025-05-22 Shivam Book Service 178, 06/02/2025   R39(Y) R5 SC1691303 2025-05-22 2025-05-22 Textual
Copyright @ Delhi University Library System